=LDR 00000nam 2200000 4500 =001 INLIS000000000027316 =005 20141108115947.0 =006 =007 =008 Ind =035 ##$$0010-061300000027316 =041 ##$$a Ind =082 ##$$a 46.8982 =090 ##$$a 46.8982, Ari s =100 ##$$a Arif,Iman setiadi =245 ##$$a Skizofrenia:memahami dinamika keluarga pasien, Iman setiadi;Editor,Rose Herlina =260 ##$$a 2006 $b Bandung =300 ##$$a xvi,136, ilus, 24 cm =650 ##$$a SKITOFRENIA =700 ##$$a HERLINA,ROSE =850 ##$$a NBPNMAT =990 ##$$a 0001/BPAP-NTB/20142014 =990 ##$$a 0001/BPAP-NTB/20142015 =990 ##$$a 0001/BPAP-NTB/20142015 =990 ##$$a 0001/BPAP-NTB/2015